Pattern and design with dynamic symmetry : (Record no. 19831)

MARC details
000 -CABECERA
campo de control de longitud fija 01127nam a2200289 4500
003 - IDENTIFICADOR DEL NÚMERO DE CONTROL
campo de control OSt
005 - FECHA Y HORA DE LA ÚLTIMA TRANSACCIÓN
campo de control 20260601170956.0
008 - DATOS DE LONGITUD FIJA--INFORMACIÓN GENERAL
campo de control de longitud fija 260505b1967\\\\nyua||||\||||\00|\0\eng\d
040 ## - FUENTE DE LA CATALOGACIÓN
Centro catalogador/agencia de origen ICI
Lengua de catalogación spa
Centro/agencia transcriptor ICI
041 ## - CÓDIGO DE LENGUA
Código de lengua del texto/banda sonora o título independiente eng
050 ## - SIGNATURA TOPOGRÁFICA DE LA BIBLIOTECA DEL CONGRESO
Número de clasificación NK1510
Número de documento/Ítem P37 1967
100 #1 - ENTRADA PRINCIPAL--NOMBRE DE PERSONA
Nombre de persona Edwards, Edward B.,
Término indicativo de función/relación autor
9 (RLIN) 30555
245 #1 - MENCIÓN DE TÍTULO
Título Pattern and design with dynamic symmetry :
Resto del título formerly titled dynamarhythmic design /
Mención de responsabilidad, etc. Edward B. Edwards,
264 ## - PRODUCCIÓN, PUBLICACIÓN, DISTRIBUCIÓN, FABRICACIÓN Y COPYRIGHT
Producción, publicación, distribución, fabricación y copyright New York:
Nombre del de productor, editor, distribuidor, fabricante Dover Publications,
Fecha de producción, publicación, distribución, fabricación o copyright 1967
300 ## - DESCRIPCIÓN FÍSICA
Extensión 122 páginas :
Otras características físicas ilustraciones
336 ## - TIPO DE CONTENIDO
Término de tipo de contenido texto
Fuente rdacontent
337 ## - TIPO DE MEDIO
Nombre/término del tipo de medio sin medio
Fuente rdamedia
338 ## - TIPO DE SOPORTE
Nombre/término del tipo de soporte volumen
Fuente rdacarrier
520 ## - SUMARIO, ETC.
Sumario, etc. Estudio sobre la simetría dinámica aplicada al diseño, abordando principios matemáticos, patrones y fundamentos geométricos en la composición artística.
650 ## - PUNTO DE ACCESO ADICIONAL DE MATERIA--TÉRMINO DE MATERIA
Término de materia o nombre geográfico como elemento de entrada Diseño,
Subdivisión general Principios matemáticos.
9 (RLIN) 30556
650 ## - PUNTO DE ACCESO ADICIONAL DE MATERIA--TÉRMINO DE MATERIA
Término de materia o nombre geográfico como elemento de entrada Simetría en el arte.
9 (RLIN) 30557
650 ## - PUNTO DE ACCESO ADICIONAL DE MATERIA--TÉRMINO DE MATERIA
Término de materia o nombre geográfico como elemento de entrada Composición (arte)
Subdivisión general Teoría.
9 (RLIN) 30558
650 ## - PUNTO DE ACCESO ADICIONAL DE MATERIA--TÉRMINO DE MATERIA
Término de materia o nombre geográfico como elemento de entrada Patrones (Diseño).
9 (RLIN) 30559
650 ## - PUNTO DE ACCESO ADICIONAL DE MATERIA--TÉRMINO DE MATERIA
Término de materia o nombre geográfico como elemento de entrada Geometría,
Subdivisión general Aplicaciones en el diseño.
9 (RLIN) 30560
650 ## - PUNTO DE ACCESO ADICIONAL DE MATERIA--TÉRMINO DE MATERIA
Término de materia o nombre geográfico como elemento de entrada Estética,
Subdivisión general Matemáticas.
9 (RLIN) 30561
942 ## - ELEMENTOS DE PUNTO DE ACCESO ADICIONAL (KOHA)
Fuente del sistema de clasificación o colocación Library of Congress Classification
Tipo de ítem Koha Libros
Suprimir en OPAC 1

No items available.